| 000 | 01132nam a2200289 i 4500 | ||
|---|---|---|---|
| 001 | bg | ||
| 111 | 2 |
_aMiędzynarodowa Konferencja Naukowo-Dydaktyczna "E-commerce" _n(2000 ; _dWrocław). |
|
| 245 | 0 | 0 |
_aE-commerce : _bhandel internetowy : międzynarodowa konferencja naukowo-dydaktyczna, Wrocław 19 maja 2000 / _cred. nauk. Jerzy Wawrzynek ; Wyższa Szkoła Handlowa we Wrocławiu. |
| 260 |
_aWrocław : _b"Continuo", _c2000. |
||
| 300 |
_a93 s. : _bil. ; _c24 cm. |
||
| 490 | 1 | _aKonferencje / Wyższa Szkoła Handlowa we Wrocławiu | |
| 500 | _aTekst częśc. niem. | ||
| 504 | _aBibliogr. przy ref. | ||
| 650 | 9 | _aHandel elektroniczny | |
| 655 | _aMateriały konferencyjne | ||
| 700 | 1 |
_aWawrzynek, Jerzy. _eRed. |
|
| 710 | 0 | _aWyższa Szkoła Handlowa (Wrocław) | |
| 830 | 0 | _aKonferencje (Wyższa Szkoła Handlowa we Wrocławiu) | |
| 020 | _a8386682671 | ||
| 040 | _cBPK | ||
| 041 | 0 | _aplde | |
| 080 | _a339.3:004.738.5](061) | ||
| 920 | _a83-86682-67-1 | ||
| 942 | _cKS | ||
| 008 | s pl f |000 0 pol | ||
| 999 |
_c41594 _d41594 |
||
| 856 |
_uhttp://koha.tu.koszalin.pl/cgi-bin/koha/opac-detail.pl?biblionumber=41594 _yKatalog online BPK |
||